Brigands with a cause : brigandage and irredentism in modern Greece, 1821-1912 /

Bibliographic Details
Main Author: Koliopoulos, Giannēs S.
Format: Book
Language:English
Published: Oxford : Clarendon, 1987.
Subjects:

MARC

Tag First Indicator Second Indicator Subfields
LEADER 00000cam a2200000 a 4500
001 in00000007549
005 20151005090027.0
008 870930s1987 enkab b 00110 eng d
010 |a gb 87014484  
015 |a GB87-14484 
020 |a 0198228635 :  |c £30.00 : CIP confirmed 
035 |a (OCoLC)15654532 
035 |9 AAA2044AM 
040 |a UKM  |c UKM  |d TXA  |d UtOrBLW 
043 |a e-gr--- 
049 |a TXAM  |c [A12578870] 
050 1 0 |a HV6453.G8 
050 4 |a HV6453.G8  |b K64 1987 
100 1 |a Koliopoulos, Giannēs S. 
245 1 0 |a Brigands with a cause :  |b brigandage and irredentism in modern Greece, 1821-1912 /  |c John S. Koliopoulos. 
264 1 |a Oxford :  |b Clarendon,  |c 1987. 
300 |a ix, 342 pages, 4 unnumbered pages of plates :  |b illustrations, 1 map ;  |c 22 cm. 
336 |a text  |b txt  |2 rdacontent 
337 |a unmediated  |b n  |2 rdamedia 
338 |a volume  |b nc  |2 rdacarrier 
504 |a Includes bibliographic references and index. 
650 0 |a Brigands and robbers  |z Greece  |x History. 
999 |a MARS 
999 f f |s f3765ba0-ccd5-3cda-aa30-09bfdc0d9083  |i 6c223517-d39b-3ed8-b6ed-3bab82b7d833  |t 0 
952 f f |p normal  |a Texas A&M University  |b College Station  |c Sterling C. Evans Library  |d Evans: Library Stacks  |t 0  |e HV6453.G8 K64 1987  |h Library of Congress classification  |i unmediated -- volume  |m A14812578870 
998 f f |a HV6453.G8 K64 1987  |t 0  |l Evans: Library Stacks